Twenty One Pilots - Nico and the Niners (Lyrics) - Statistics

General Stats
  • This quiz has been taken 25 times
  • The average score is 320 of 364
Answer Stats
Answer % Correct
a
100%
clothes
100%
fearless
100%
hear
100%
I
100%
I'm
100%
my
100%
on
100%
rebel
100%
the
100%
this
100%
we
100%
wear
100%
when
100%
and
94%
And
94%
Bishops
94%
careless
94%
come
94%
control
94%
Dema
94%
don't
94%
East
94%
for
94%
forget
94%
is
94%
low
94%
make
94%
they
94%
They
94%
to
94%
together
94%
up,
94%
up
94%
us,
94%
will
94%
you
94%
get
89%
know
89%
me
89%
Nico
89%
Niners,
89%
Niners
89%
No,
89%
no
89%
so
89%
So
89%
that
89%
want
89%
win
89%
fire,
83%
Fire,
83%
from
83%
heavy,
83%
high,
83%
high
83%
higher
83%
jumpsuit
83%
Jumpsuit
83%
lighter
83%
Lighter
83%
out
83%
razorblade
83%
takes
83%
be
78%
flying
78%
lower,
78%
now,
78%
oh
78%
your
78%
beautiful
72%
break
72%
but
72%
day
72%
not
72%
Save
72%
save
72%
We'll
72%
everyone
67%
razorblades
67%
What
67%
yet
67%
can
61%
concert,
61%
making
61%
say
61%
certain
56%
enough
56%
quite
56%
start
56%
Start
56%
unsteady
56%
all
50%
find
50%
it
50%
stores
50%
way
50%
made
44%
mob
44%
money
44%
pay
44%
complete
33%
diversion
33%
Maybe
33%
racehorse
33%
sponsor
33%
force
28%
Rent
28%
No matching quizzes found
Score Distribution
Percent of People with Each Score
Percentile by Number Answered
Your Score History
You have not taken this quiz